[Event "Campeonato Nacional da 1ª divisão"]
[Site "Torres Vedras"]
[Date "2011.07.24"]
[Round "2.8"]
[White "Dias, Paulo Jorge Guimarãe"]
[Black "Arauz Alonso, Fernando"]
[Result "1-0"]
[WhiteElo "2434"]
[BlackElo "2123"]
[PlyCount "83"]
[EventDate "2011.07.23"]

1. d4 Nf6 2. Nf3 e6 3. c4 b6 4. g3 Bb7 5. Bg2 c5 6. d5 d6 7. Nc3 e5 8. O-O Nbd7
9. e4 g6 10. Ne1 Bg7 11. Nd3 O-O 12. Bd2 h6 13. f4 Qe7 14. Qf3 Kh7 15. f5 Ng8
16. a4 g5 17. Ra3 Rfc8 18. a5 bxa5 19. Rxa5 Nb6 20. b3 Rcb8 21. Rfa1 Bc8 22.
Bf1 Bf6 23. Nd1 Qd7 24. Ne3 Bd8 25. b4 Nxc4 26. Nxc4 Bxa5 27. Rxa5 cxb4 28.
Bxb4 Qc7 29. Bxd6 Qxc4 30. Bxb8 Rxb8 31. Rxa7 Qd4+ 32. Qf2 Qxe4 33. Rxf7+ Kh8
34. Qa7 Qd4+ 35. Qxd4 exd4 36. Ne5 Bxf5 37. Rxf5 Ne7 38. Rf7 Nxd5 39. Bc4 Rb1+
40. Kf2 Rb2+ 41. Kf3 g4+ 42. Ke4 1-0

[Event "Campeonato Nacional da 1ª divisão"]
[Site "Torres Vedras"]
[Date "2011.07.24"]
[Round "2.8"]
[White "Pintor, Ariana Maciel Abranc"]
[Black "Andrade, José Manuel Vieira"]
[Result "0-1"]
[WhiteElo "2095"]
[BlackElo "2249"]
[PlyCount "100"]
[EventDate "2011.07.23"]

1. e4 e5 2. Nf3 Nc6 3. Bb5 a6 4. Bxc6 dxc6 5. O-O Bg4 6. h3 h5 7. d3 Qf6 8.
Nbd2 Ne7 9. Nc4 Bxf3 10. Qxf3 Qxf3 11. gxf3 Ng6 12. Rd1 c5 13. Be3 f6 14. c3
Rd8 15. Kf1 b6 16. a3 a5 17. Rac1 Be7 18. d4 cxd4 19. cxd4 exd4 20. Bxd4 Nf4
21. Ne3 Rd7 22. Nf5 Ne6 23. Be3 Bd8 24. Ke2 g6 25. Nd4 Nxd4+ 26. Rxd4 Rhh7 27.
f4 Rxd4 28. Bxd4 Rd7 29. Bc3 c5 30. Rg1 Kf7 31. a4 Bc7 32. Ke3 c4 33. e5 Rd3+
34. Ke2 Rxh3 35. e6+ Kxe6 36. Rxg6 Bd8 37. Rg8 Be7 38. Bd4 Bc5 39. Bxc5 bxc5
40. Re8+ Kd5 41. Rh8 Ke4 42. Rc8 Rb3 43. Rxc5 Rxb2+ 44. Ke1 Kd3 45. Rd5+ Kc2
46. Rxh5 c3 47. Rc5 Kd3 48. Rd5+ Kc4 49. Rd1 c2 50. Rc1 Kc3 0-1

[Event "Campeonato Nacional da 1ª divisão"]
[Site "Torres Vedras"]
[Date "2011.07.24"]
[Round "2.8"]
[White "Leite, Catarina dos Anjos d"]
[Black "Mansilla Tolosa, Luis"]
[Result "0-1"]
[WhiteElo "2165"]
[BlackElo "2073"]
[PlyCount "80"]
[EventDate "2011.07.23"]

1. e4 c6 2. d4 d5 3. exd5 cxd5 4. Bd3 Nc6 5. c3 Nf6 6. Nf3 Bg4 7. Nbd2 e6 8.
Nf1 Bd6 9. Ng3 Qc7 10. Bg5 Nh5 11. Nxh5 Bxh5 12. Qe2 O-O 13. Qc2 h6 14. Be3
Rac8 15. a3 f5 16. Rc1 Qf7 17. Ne5 Nxe5 18. dxe5 Bxe5 19. Bxa7 d4 20. O-O dxc3
21. f4 Bf6 22. b4 Rfd8 23. Be3 Qd7 24. Be2 Bxe2 25. Qxe2 Qd3 26. Kf2 c2 27.
Qxd3 Rxd3 28. Ke2 Rxa3 29. Bc5 b6 30. Bxb6 Bb2 31. Bc5 Bxc1 32. Rxc1 Ra2 33.
Kd3 Kf7 34. Kc4 Ke8 35. Kb3 Rca8 36. b5 Kd7 37. h4 h5 38. Bb4 Kc7 39. Bc5 Kb7
40. Re1 Ra1 0-1

[Event "Campeonato Nacional da 1ª divisão"]
[Site "Torres Vedras"]
[Date "2011.07.25"]
[Round "3.1"]
[White "Buhmann, Rainer"]
[Black "Silva, António Augusto Maga"]
[Result "1-0"]
[WhiteElo "2582"]
[BlackElo "2222"]
[PlyCount "71"]
[EventDate "2011.07.23"]

1. Nf3 f5 2. g3 Nf6 3. Bg2 g6 4. O-O Bg7 5. d4 O-O 6. b3 d6 7. Bb2 c6 8. Nbd2
Na6 9. c4 Ne4 10. Qc2 Nb4 11. Qc1 d5 12. a3 Na6 13. Qc2 Bd7 14. b4 e6 15. Nxe4
fxe4 16. Ne5 Nc7 17. a4 Ne8 18. b5 Nd6 19. bxc6 bxc6 20. cxd5 exd5 21. Ba3 Rf6
22. Rac1 Nf5 23. e3 Re6 24. Rb1 Bc8 25. Nxc6 Qd7 26. Nb8 Qe8 27. Qb3 Qd8 28.
Rfc1 Rb6 29. Rxc8 Qxc8 30. Qxd5+ Qe6 31. Qd8+ Kf7 32. Qc7+ Kg8 33. Qd8+ Kf7 34.
Rc1 Rb7 35. Rc7+ Rxc7 36. Qxc7+ 1-0

[Event "Campeonato Nacional da 1ª divisão"]
[Site "Torres Vedras"]
[Date "2011.07.25"]
[Round "3.1"]
[White "Arauz Alonso, Fernando"]
[Black "Heberla, Bartlomiej Zdzilaw"]
[Result "0-1"]
[WhiteElo "2123"]
[BlackElo "2539"]
[PlyCount "98"]
[EventDate "2011.07.23"]

1. d4 g6 2. Nf3 Bg7 3. Bf4 f5 4. e3 Nf6 5. Bc4 e6 6. a3 d6 7. O-O h6 8. h3 O-O
9. Nc3 Qe7 10. Qe2 Nc6 11. Rad1 Kh7 12. Bh2 e5 13. dxe5 dxe5 14. Bb5 e4 15.
Bxc6 bxc6 16. Nd4 a5 17. Rfe1 Ba6 18. Qd2 Bb7 19. Qe2 c5 20. Ndb5 Ba6 21. Qd2
Rfd8 22. Qc1 Ne8 23. a4 c6 24. Na3 Be5 25. Bxe5 Qxe5 26. Rxd8 Rxd8 27. Rd1 Rd6
28. Rxd6 Qxd6 29. Qd1 g5 30. Qxd6 Nxd6 31. Nab1 Nc4 32. b3 Ne5 33. Nd2 Kg6 34.
f3 exf3 35. Nxf3 Nxf3+ 36. gxf3 c4 37. bxc4 Bxc4 38. Kf2 Kf6 39. f4 Ke6 40. Ne2
Kd5 41. Nd4 Kc5 42. Nxf5 Kb4 43. fxg5 hxg5 44. Nd4 c5 45. Nb3 Kxa4 46. Nxc5+
Kb4 47. Nb3 Bxb3 48. cxb3 Kxb3 49. e4 Kc4 0-1

[Event "Campeonato Nacional da 1ª divisão"]
[Site "Torres Vedras"]
[Date "2011.07.25"]
[Round "3.1"]
[White "Luch, Michal"]
[Black "Mansilla Tolosa, Luis"]
[Result "1-0"]
[WhiteElo "2413"]
[BlackElo "2073"]
[PlyCount "89"]
[EventDate "2011.07.23"]

1. d4 Nf6 2. c4 e6 3. Nc3 d5 4. cxd5 exd5 5. Bg5 c6 6. e3 Be7 7. Bd3 Ne4 8.
Bxe7 Qxe7 9. Qc2 Nxc3 10. bxc3 Nd7 11. Ne2 Nf6 12. O-O O-O 13. c4 dxc4 14. Bxc4
Be6 15. Bd3 Bd5 16. Nc3 h6 17. Rae1 Be6 18. e4 Rfd8 19. Qb2 Rxd4 20. Nd5 Rxd5
21. exd5 Nxd5 22. Bf5 b6 23. Bxe6 fxe6 24. Qe5 Re8 25. f4 Qf6 26. f5 Qxe5 27.
Rxe5 Nc7 28. fxe6 Rxe6 29. Rxe6 Nxe6 30. Rd1 c5 31. Rd7 c4 32. Rxa7 c3 33. Ra3
Nf4 34. Kf1 Nd5 35. Ke2 Kf7 36. Ra7+ Kf6 37. Kd3 g5 38. a4 Ke6 39. Rg7 Kf6 40.
Rg8 g4 41. g3 Kf5 42. Rh8 Kg6 43. Rd8 c2 44. Kxc2 Ne3+ 45. Kd3 1-0

[Event "Campeonato Nacional da 1ª divisão"]
[Site "Torres Vedras"]
[Date "2011.07.25"]
[Round "3.1"]
[White "Saraiva, Tânia Andrea Vaz"]
[Black "Butkiewicz, Lukasz"]
[Result "0-1"]
[WhiteElo "1963"]
[BlackElo "2435"]
[PlyCount "46"]
[EventDate "2011.07.23"]

1. e4 d6 2. d4 Nf6 3. Nc3 g6 4. Be2 Bg7 5. Be3 c6 6. a4 O-O 7. h3 Nbd7 8. Nf3
e5 9. dxe5 dxe5 10. O-O Qe7 11. Qb1 Nc5 12. Nd2 Ne6 13. b4 Nd4 14. Bd3 Nh5 15.
Ne2 Nxe2+ 16. Bxe2 Nf4 17. Bxf4 exf4 18. Ra3 a5 19. c3 Be6 20. Nc4 f3 21. gxf3
Bxh3 22. Kh2 Qh4 23. Re1 Bh6 0-1

[Event "Campeonato Nacional da 1ª divisão"]
[Site "Torres Vedras"]
[Date "2011.07.25"]
[Round "3.2"]
[White "Tivyakov, Sergey Nikolayevich"]
[Black "Garcia - Ortega Mendez, Jose Manuel"]
[Result "1-0"]
[WhiteElo "2623"]
[BlackElo "2358"]
[PlyCount "111"]
[EventDate "2011.07.23"]

1. e4 e5 2. Nf3 Nc6 3. Bb5 a6 4. Ba4 Nf6 5. d3 d6 6. c3 Bd7 7. Nbd2 Be7 8. Nf1
O-O 9. Ng3 b5 10. Bc2 Re8 11. O-O h6 12. d4 Bf8 13. b3 g6 14. Bb2 Qb8 15. d5
Ne7 16. Rb1 c5 17. dxc6 Nxc6 18. Qe2 Be6 19. Rfd1 Ra7 20. Rd2 b4 21. c4 Nd7 22.
Nf5 Nc5 23. Ne3 Kh8 24. h4 a5 25. h5 a4 26. hxg6 fxg6 27. Nh4 Kh7 28. Nd5 Qd8
29. g3 axb3 30. axb3 Bg7 31. Rbd1 Bf7 32. Qe3 Ra6 33. Kg2 Ne6 34. Bb1 Ned4 35.
Nf3 Rf8 36. Nxd4 exd4 37. Qe2 Ra7 38. f4 Kg8 39. Rf1 Re8 40. Qf2 Rb7 41. f5 Be5
42. Rd3 gxf5 43. Qxf5 Qg5 44. Qxg5+ hxg5 45. Nf6+ Bxf6 46. Rxf6 Rxe4 47. Rd2
Re6 48. Rxe6 Bxe6 49. Be4 Rb6 50. Rf2 Ra6 51. Kf1 Ne5 52. Bxd4 Ng4 53. Re2 Ra5
54. Kg2 Bf7 55. Bc2 Ra2 56. Bh7+ 1-0

[Event "Campeonato Nacional da 1ª divisão"]
[Site "Torres Vedras"]
[Date "2011.07.25"]
[Round "3.2"]
[White "Cabezas Ayala, Iván Rafael "]
[Black "Korneev, Oleg"]
[Result "1/2-1/2"]
[WhiteElo "2336"]
[BlackElo "2588"]
[PlyCount "60"]
[EventDate "2011.07.23"]

1. e4 e5 2. Nf3 Nc6 3. Bb5 a6 4. Ba4 Nge7 5. c3 g6 6. d4 exd4 7. cxd4 b5 8. Bb3
Bg7 9. Nc3 O-O 10. O-O Na5 11. Bc2 d6 12. h3 c5 13. dxc5 dxc5 14. Qxd8 Rxd8 15.
Be3 Nb7 16. Rfd1 Be6 17. Ng5 Bc4 18. Bb3 Bxb3 19. axb3 Bxc3 20. bxc3 a5 21. Kf1
Nc6 22. Ke2 h6 23. Nf3 Kg7 24. Rxd8 Rxd8 25. Rd1 Rxd1 26. Kxd1 f6 27. Kc2 g5
28. Nd2 Kg6 29. Nb1 Nd6 30. Bxc5 Nxe4 1/2-1/2

[Event "Campeonato Nacional da 1ª divisão"]
[Site "Torres Vedras"]
[Date "2011.07.25"]
[Round "3.2"]
[White "Ftacnik, Lubomir"]
[Black "Neves, Pedro Alexandre Maia"]
[Result "1-0"]
[WhiteElo "2556"]
[BlackElo "2198"]
[PlyCount "105"]
[EventDate "2011.07.23"]

1. d4 Nf6 2. Nf3 g6 3. c4 c5 4. d5 d6 5. Nc3 e6 6. e4 exd5 7. exd5 Qe7+ 8. Be2
Bg7 9. O-O O-O 10. Re1 Na6 11. Bd3 Qd8 12. h3 Nc7 13. a4 Rb8 14. Bg5 h6 15. Be3
b6 16. Qd2 Kh7 17. g4 Ng8 18. Bf4 f5 19. g5 a6 20. gxh6 Bxh6 21. Bxh6 Nxh6 22.
Ng5+ Kg7 23. f4 Qf6 24. Re2 Bd7 25. Rae1 Rfe8 26. Rxe8 Rxe8 27. Rxe8 Bxe8 28.
Qe3 Bd7 29. Kg2 Nf7 30. Nf3 Bc8 31. Be2 Bb7 32. Qd2 Qe7 33. Kf2 Qe8 34. Nd1 Qe7
35. b4 Qf6 36. Ne3 Ne8 37. h4 Qa1 38. Ng5 Nf6 39. Bf3 Nxg5 40. hxg5 Ne4+ 41.
Bxe4 fxe4 42. bxc5 bxc5 43. Qa5 Qb2+ 44. Kg3 Qb1 45. Qc7+ Kg8 46. Qd8+ Kh7 47.
Qe7+ Kg8 48. Qf6 Kh7 49. Qf7+ Kh8 50. Qf8+ Kh7 51. Qh6+ Kg8 52. Qxg6+ Kh8 53.
Qe8+ 1-0

[Event "Campeonato Nacional da 1ª divisão"]
[Site "Torres Vedras"]
[Date "2011.07.25"]
[Round "3.3"]
[White "Swinkels, Robin"]
[Black "Lanzani, Mario"]
[Result "1/2-1/2"]
[WhiteElo "2483"]
[BlackElo "2357"]
[PlyCount "98"]
[EventDate "2011.07.23"]

1. c4 e5 2. g3 Nf6 3. Bg2 Nc6 4. Nc3 Bc5 5. Nf3 d6 6. d3 h6 7. O-O a6 8. a3 O-O
9. b4 Ba7 10. Bb2 Be6 11. Rc1 Qd7 12. e3 Bh3 13. d4 Bxg2 14. Kxg2 exd4 15. exd4
Rfe8 16. Qd3 Qg4 17. h3 Qg6 18. Qd1 Qf5 19. g4 Qd7 20. Ne2 h5 21. g5 Ne4 22.
Ng3 Nxg3 23. fxg3 Re4 24. d5 Rae8 25. Rc2 Ne7 26. Nh4 Rxh4 27. gxh4 Nf5 28. Bc1
Be3 29. Qd3 Nxh4+ 30. Kg3 Bxc1 31. Rcxc1 Ng6 32. Rce1 Ne5 33. Qf5 Qa4 34. Rxe5
Rxe5 35. Qxf7+ Kh7 36. Qxh5+ Kg8 37. Qf7+ Kh7 38. Qh5+ Kg8 39. Qf7+ Kh7 40. Kh4
Qc2 41. Rf4 Qg6 42. Qxg6+ Kxg6 43. a4 b6 44. a5 bxa5 45. bxa5 Rxg5 46. Rf7 Rh5+
47. Kg4 Kxf7 48. Kxh5 Kf6 49. Kg4 g5 1/2-1/2

[Event "Campeonato Nacional da 1ª divisão"]
[Site "Torres Vedras"]
[Date "2011.07.25"]
[Round "3.3"]
[White "Coimbra, Margarida Gonçalves "]
[Black "Hennig, Dirk"]
[Result "1/2-1/2"]
[WhiteElo "2113"]
[BlackElo "2396"]
[PlyCount "66"]
[EventDate "2011.07.23"]

1. e4 c6 2. c4 e5 3. Nf3 Nf6 4. Nc3 Bb4 5. Qc2 O-O 6. Be2 Re8 7. O-O d5 8. cxd5
cxd5 9. d3 d4 10. Nb1 Nc6 11. Bg5 h6 12. Bxf6 Qxf6 13. Nbd2 g5 14. h3 g4 15.
hxg4 Bxg4 16. Qd1 Be6 17. a3 Be7 18. Nh2 Kh8 19. Bg4 Rg8 20. Bxe6 Qxe6 21. Kh1
Rg5 22. Qf3 Rag8 23. Rg1 Qg6 24. Ndf1 f5 25. Ng3 f4 26. Nf5 Bf6 27. Rac1 a5 28.
Nh4 Qf7 29. Nf5 Kh7 30. g3 Qg6 31. Nh4 Qf7 32. Nf5 Qg6 33. Nh4 Qf7 1/2-1/2

[Event "Campeonato Nacional da 1ª divisão"]
[Site "Torres Vedras"]
[Date "2011.07.25"]
[Round "3.3"]
[White "Finkler, Kai Andreas"]
[Black "Cadeirinhas, David Eduardo Louro"]
[Result "1/2-1/2"]
[WhiteElo "2007"]
[BlackElo "1825"]
[PlyCount "94"]
[EventDate "2011.07.23"]

1. Nf3 Nf6 2. g3 d6 3. Bg2 e5 4. c4 Nc6 5. Nc3 Be7 6. d4 O-O 7. O-O Bg4 8. dxe5
dxe5 9. b3 Bb4 10. Bb2 Qe7 11. Nd5 Nxd5 12. cxd5 Rad8 13. Qc2 Rxd5 14. Ng5 e4
15. Nxe4 Bf5 16. Qc4 Bxe4 17. Bxe4 Rd2 18. Bxc6 Rxb2 19. Bxb7 Rxe2 20. Bf3 Re5
21. Rad1 Bc5 22. Qa4 a5 23. Rd7 Qf6 24. Bg2 Re1 25. Rd2 Rxf1+ 26. Bxf1 Qc3 27.
Qf4 Bd6 28. Qd4 Qc1 29. Rd1 Qa3 30. Rd2 Re8 31. Kg2 Qc1 32. Bc4 Qe1 33. Qd5
Qe4+ 34. Qxe4 Rxe4 35. Rd5 Re5 36. Rxe5 Bxe5 37. Kf3 Bd4 38. Ke2 Kf8 39. f3 Ke7
40. Kd3 Bg1 41. h3 Bf2 42. g4 f6 43. Ke4 g6 44. Bg8 h5 45. Bc4 h4 46. Kd5 Bb6
47. Bd3 g5 1/2-1/2

[Event "Campeonato Nacional da 1ª divisão"]
[Site "Torres Vedras"]
[Date "2011.07.25"]
[Round "3.4"]
[White "Galego, Luis Miguel Araújo B"]
[Black "Dâmaso, Rui"]
[Result "0-1"]
[WhiteElo "2474"]
[BlackElo "2371"]
[PlyCount "78"]
[EventDate "2011.07.23"]

1. e4 c5 2. Nf3 d6 3. c3 Nf6 4. Be2 g6 5. O-O Bg7 6. d3 O-O 7. Nbd2 Nc6 8. a3
b6 9. d4 e6 10. Re1 Bb7 11. dxc5 bxc5 12. Qa4 Qc7 13. Nf1 a5 14. Bf4 Nd7 15.
Rad1 Nce5 16. Nxe5 Nxe5 17. Rd2 Rab8 18. Ne3 Bc6 19. Qc2 Qb7 20. f3 d5 21. exd5
exd5 22. Red1 d4 23. cxd4 cxd4 24. Nc4 Nxc4 25. Bxc4 Rbc8 26. Qd3 Qd7 27. Re2
Bd5 28. Bb5 Bc6 29. Bxc6 Rxc6 30. Qb5 Rfc8 31. Kf2 h5 32. Rd3 Qa7 33. a4 Rc5
34. Re8+ Rxe8 35. Qxe8+ Kh7 36. Rd2 Rc4 37. Kg3 d3 38. Be3 Qc7+ 39. Kh3 Rh4+
0-1

[Event "Campeonato Nacional da 1ª divisão"]
[Site "Torres Vedras"]
[Date "2011.07.25"]
[Round "3.4"]
[White "Ulyanovskyy, Viktor"]
[Black "Lima, Darcy Gustavo Machad"]
[Result "*"]
[WhiteElo "2307"]
[BlackElo "2493"]
[PlyCount "67"]
[EventDate "2011.07.23"]

1. e4 e5 2. Nf3 Nc6 3. Bb5 Nf6 4. O-O Bc5 5. Nc3 O-O 6. d3 d6 7. Bg5 h6 8. Bh4
Nd4 9. Nxd4 Bxd4 10. Bxf6 Qxf6 11. Nd5 Qd8 12. c3 a6 13. Bc4 Ba7 14. Qh5 Kh7
15. Ne3 g6 16. Qe2 Qg5 17. Kh1 c6 18. g3 Bh3 19. Ng2 f5 20. f4 Qg4 21. Qxg4
Bxg4 22. Rae1 Rae8 23. fxe5 dxe5 24. exf5 gxf5 25. h4 Bb8 26. Kh2 b5 27. Bb3 f4
28. d4 fxg3+ 29. Kxg3 Bf5 30. Rxf5 Rxf5 31. Bc2 e4+ 32. Kg4 Rf2 33. Bxe4+ Rxe4+
34. Rxe4 *

[Event "Campeonato Nacional da 1ª divisão"]
[Site "Torres Vedras"]
[Date "2011.07.25"]
[Round "3.4"]
[White "Fernando, Diogo Brigido"]
[Black "Ulyanovskyy, Volodimir "]
[Result "1-0"]
[WhiteElo "2467"]
[BlackElo "2090"]
[PlyCount "79"]
[EventDate "2011.07.23"]

1. e4 c5 2. Nc3 d6 3. f4 Nc6 4. Nf3 g6 5. Bc4 Bg7 6. O-O e6 7. d3 Nge7 8. Qe1
O-O 9. f5 d5 10. Bb3 c4 11. dxc4 dxe4 12. f6 Bxf6 13. Nxe4 Bg7 14. c5 Kh8 15.
Nfg5 f6 16. Nxe6 Bxe6 17. Bxe6 Nd4 18. Bb3 Nef5 19. Qd1 Qc7 20. Bd5 Rad8 21. c4
Rfe8 22. Bf4 Qa5 23. Qd3 h5 24. Kh1 Qa6 25. Nd6 Kh7 26. Bxb7 Qa5 27. Nxe8 Rxe8
28. c6 Ne6 29. Bd2 Qb6 30. Rxf5 gxf5 31. Qxf5+ Kg8 32. Qxh5 Nc7 33. Bc3 Qf2 34.
Qf3 Qc5 35. Qg3 Qe7 36. h3 Qf7 37. Rf1 Kf8 38. Rd1 Qxc4 39. Qxc7 Bh6 40. Qd6+
1-0

[Event "Campeonato Nacional da 1ª divisão"]
[Site "Torres Vedras"]
[Date "2011.07.25"]
[Round "3.5"]
[White "Camacho Collados, Marcos"]
[Black "Andias, João Pedro Menezes"]
[Result "1-0"]
[WhiteElo "2404"]
[BlackElo "1891"]
[PlyCount "87"]
[EventDate "2011.07.23"]

1. e4 c5 2. Nf3 e6 3. d3 Nc6 4. g3 g6 5. Bg2 Bg7 6. O-O Nge7 7. c3 O-O 8. Nbd2
d6 9. a3 a5 10. a4 b6 11. Re1 Ba6 12. Qe2 b5 13. axb5 Bxb5 14. Nc4 a4 15. Na3
Qb6 16. h4 Na5 17. Nxb5 Nb3 18. Rxa4 Qxb5 19. Rxa8 Rxa8 20. Bf4 Nc8 21. e5 d5
22. c4 dxc4 23. dxc4 Qb6 24. Rd1 Ne7 25. Rd6 Qb4 26. Qd3 Ra1+ 27. Kh2 h6 28.
Rd8+ Kh7 29. Rd7 Bf8 30. h5 Kg8 31. Rd8 Nf5 32. hxg6 Nbd4 33. Nxd4 cxd4 34.
gxf7+ Kxf7 35. g4 Qe7 36. gxf5 Qh4+ 37. Qh3 Qxf4+ 38. Qg3 Qxf5 39. Rxd4 Ke7 40.
Bh3 Qb1 41. Qh4+ Kf7 42. Qf6+ Kg8 43. Bxe6+ Kh7 44. Rd7+ 1-0

[Event "Campeonato Nacional da 1ª divisão"]
[Site "Torres Vedras"]
[Date "2011.07.25"]
[Round "3.5"]
[White "Galvão, Henrique Mário Chave"]
[Black "Valente, João Nuno Baptista"]
[Result "1-0"]
[WhiteElo "2207"]
[BlackElo "1581"]
[PlyCount "51"]
[EventDate "2011.07.23"]

1. e4 e6 2. d4 d5 3. e5 c5 4. Nf3 Nc6 5. c3 Bd7 6. dxc5 Bxc5 7. Bd3 Nge7 8. b4
Bb6 9. Bf4 Ng6 10. Bg3 Bc7 11. Qe2 Qb8 12. Bxg6 hxg6 13. O-O Ne7 14. Nbd2 Ba4
15. c4 O-O 16. cxd5 Nxd5 17. Ne4 Qe8 18. Rfe1 Nxb4 19. Qc4 Nc2 20. Neg5 f6 21.
exf6 Nxe1 22. Qh4 Nxf3+ 23. gxf3 Rxf6 24. Bxc7 Rc8 25. Qh7+ Kf8 26. Bd6+ 1-0

[Event "Campeonato Nacional da 1ª divisão"]
[Site "Torres Vedras"]
[Date "2011.07.25"]
[Round "3.5"]
[White "Silva, Tiago Oscar Gaspar d"]
[Black "Garcia Rodriguez, Victor"]
[Result "0-1"]
[WhiteElo "1547"]
[BlackElo "2222"]
[PlyCount "80"]
[EventDate "2011.07.23"]

1. e4 e5 2. Nf3 Nc6 3. Bb5 a6 4. Bxc6 dxc6 5. d4 exd4 6. Qxd4 Qxd4 7. Nxd4 c5
8. Ne2 g6 9. Nbc3 c6 10. O-O Nf6 11. f3 b5 12. Be3 Be6 13. a3 Nd7 14. Bf4 Bg7
15. Bd6 Bc4 16. Rfb1 O-O-O 17. Kf2 Rhe8 18. Nd1 f5 19. Ng3 Bd4+ 20. Ne3 Nf6 21.
Bf4 fxe4 22. c3 Bxe3+ 23. Bxe3 exf3 24. gxf3 Rd3 25. Nf1 Rd5 26. Nd2 Rf5 27.
Nxc4 Ng4+ 28. Kg2 bxc4 29. Bg1 Ne5 30. Rf1 Rg5+ 31. Kh3 Nd3 32. Rab1 Nf4+ 33.
Kh4 Ree5 34. Rbe1 Ng2+ 35. Kh3 Rxe1 36. Rxe1 Nxe1 37. Be3 Re5 38. Bf4 Re2 39.
Bd6 Nd3 40. f4 Rxb2 0-1

[Event "Campeonato Nacional da 1ª divisão"]
[Site "Torres Vedras"]
[Date "2011.07.25"]
[Round "3.6"]
[White "Johannessen, Leif Erlend"]
[Black "Andres Gonzalez, Alberto"]
[Result "1/2-1/2"]
[WhiteElo "2496"]
[BlackElo "2506"]
[PlyCount "59"]
[EventDate "2011.07.23"]

1. d4 Nf6 2. c4 e6 3. Nc3 Bb4 4. Qc2 Nc6 5. Nf3 d6 6. Bd2 O-O 7. a3 Bxc3 8.
Bxc3 Re8 9. Rd1 Qe7 10. d5 Nb8 11. e3 a5 12. b3 Nbd7 13. dxe6 fxe6 14. Be2 Nc5
15. Nd2 Bd7 16. O-O e5 17. Rb1 b6 18. b4 axb4 19. axb4 Ne6 20. Ra1 Bc6 21. Rxa8
Rxa8 22. Ra1 Qd8 23. Rxa8 Qxa8 24. Bf1 Qa3 25. Qb2 Qa8 26. Qa1 Qxa1 27. Bxa1
Kf7 28. f3 h6 29. Kf2 Bb7 30. Be2 1/2-1/2

[Event "Campeonato Nacional da 1ª divisão"]
[Site "Torres Vedras"]
[Date "2011.07.25"]
[Round "3.6"]
[White "Andres Gonzalez, Ivan"]
[Black "Dias, Paulo Jorge Guimarãe"]
[Result "1/2-1/2"]
[WhiteElo "2331"]
[BlackElo "2434"]
[PlyCount "143"]
[EventDate "2011.07.23"]

1. e4 e5 2. Nf3 Nc6 3. Nc3 Nf6 4. a3 g6 5. Bc4 Bg7 6. O-O O-O 7. d3 h6 8. h3 d6
9. Be3 Be6 10. Nh2 d5 11. exd5 Nxd5 12. Bc5 Re8 13. Qf3 Nxc3 14. Bxe6 Rxe6 15.
bxc3 b6 16. Be3 Qe7 17. Qe4 Rd8 18. Qc4 Na5 19. Qa4 Qd7 20. Qxd7 Rxd7 21. f3 c5
22. Ng4 f5 23. Nf2 c4 24. Rab1 Rc6 25. Rfe1 Kf7 26. Kf1 h5 27. Ke2 Bf8 28. a4
Ba3 29. Red1 cxd3+ 30. Nxd3 Nc4 31. Bc1 e4 32. fxe4 fxe4 33. Nf2 Rxd1 34. Kxd1
Rd6+ 35. Ke1 Bc5 36. Ke2 Bxf2 37. Kxf2 Rd1 38. Rb4 Rxc1 39. Rxc4 Rxc2+ 40. Kg3
Kf6 41. Kf4 Rxg2 42. Rc6+ Kf7 43. Rc7+ Ke6 44. Rxa7 e3 45. Rb7 Rc2 46. Rxb6+
Kf7 47. Rb7+ Kf6 48. Rb6+ Kg7 49. Re6 e2 50. a5 Kf7 51. Re3 Rxc3 52. Rxe2 Ra3
53. Rb2 Rxa5 54. Rb7+ Kf6 55. Rb6+ Kg7 56. Rb7+ Kh6 57. Kg3 Ra3+ 58. Kg2 h4 59.
Rb4 Rg3+ 60. Kh2 Kh5 61. Rb5+ Rg5 62. Rb4 Ra5 63. Rc4 Ra2+ 64. Kg1 Re2 65. Rc5+
Kh6 66. Rc4 g5 67. Rc6+ Kg7 68. Ra6 Kf7 69. Rb6 Re6 70. Rxe6 Kxe6 71. Kf2 Kf5
72. Kf3 1/2-1/2

[Event "Campeonato Nacional da 1ª divisão"]
[Site "Torres Vedras"]
[Date "2011.07.25"]
[Round "3.6"]
[White "Andrade, José Manuel Vieira"]
[Black "Maisuradze, Nino"]
[Result "1-0"]
[WhiteElo "2249"]
[BlackElo "2329"]
[PlyCount "149"]
[EventDate "2011.07.23"]

1. e4 c5 2. Nc3 Nc6 3. f4 g6 4. Nf3 Bg7 5. Bb5 Nd4 6. Bd3 e6 7. O-O Ne7 8. Nxd4
Bxd4+ 9. Kh1 d6 10. Ne2 Bg7 11. Bb5+ Bd7 12. Bxd7+ Qxd7 13. d4 Rc8 14. c3 b5
15. Qe1 O-O 16. Be3 a5 17. Rd1 Qb7 18. Ng3 f5 19. dxc5 dxc5 20. Rd6 Rc6 21. Qd2
Nc8 22. Rd7 Rc7 23. Rd1 Nb6 24. Rxc7 Qxc7 25. b3 Kf7 26. c4 bxc4 27. Qxa5 cxb3
28. axb3 Rc8 29. Rc1 Nd7 30. Qa4 Qc6 31. Qc4 Ke7 32. b4 Qa4 33. exf5 gxf5 34.
Bf2 Rc6 35. h3 Qa3 36. bxc5 Bb2 37. Re1 Nxc5 38. Bxc5+ Qxc5 39. Rxe6+ Kd7 40.
Rxc6 Qxc6 41. Qf7+ Kd8 42. Qg8+ Qe8 43. Qxe8+ Kxe8 44. Nxf5 Kf7 45. g3 Kf6 46.
Ne3 Bd4 47. Nc2 Bc5 48. Kg2 h5 49. Kf3 Kg6 50. Ke4 Kf6 51. Nd4 Bf8 52. Nf5 Ba3
53. Ne3 Bf8 54. Nd5+ Kg6 55. Ke5 Kf7 56. Kf5 Bc5 57. Nc3 Be7 58. Ne4 h4 59. g4
Bb4 60. Ng5+ Kg7 61. Nf3 Kh6 62. Nxh4 Be7 63. Ng6 Bb4 64. Ne5 Bd2 65. Nd7 Bc3
66. g5+ Kh7 67. h4 Bd2 68. h5 Kh8 69. Nc5 Bc3 70. Kg6 Bb4 71. Ne6 Bd6 72. f5
Be7 73. f6 Bd6 74. f7 Bf8 75. Kf5 1-0

[Event "Campeonato Nacional da 1ª divisão"]
[Site "Torres Vedras"]
[Date "2011.07.25"]
[Round "3.6"]
[White "Guyard, Rodolphe"]
[Black "Leite, Catarina dos Anjos d"]
[Result "1/2-1/2"]
[WhiteElo "2141"]
[BlackElo "2165"]
[PlyCount "104"]
[EventDate "2011.07.23"]

1. e4 e5 2. Bc4 Nf6 3. d3 Nc6 4. Nf3 Bc5 5. Nc3 d6 6. h3 Na5 7. Na4 Nxc4 8.
dxc4 Nxe4 9. O-O Bf5 10. Nxc5 Nxc5 11. b4 Ne6 12. a4 O-O 13. Ra3 a5 14. b5 Bg6
15. g3 b6 16. Nh4 Be4 17. Re1 f5 18. Ng2 Nd4 19. Rc3 Qf6 20. f3 Bb7 21. Rf1
Rae8 22. Kh2 Ne6 23. Bd2 Nc5 24. Ra3 Qg6 25. Be1 Qh5 26. Bf2 Ne6 27. Bg1 Ng5
28. h4 Ne6 29. Bf2 Kh8 30. Be1 e4 31. Ne3 exf3 32. Nd5 f4 33. Rfxf3 fxg3+ 34.
Bxg3 Rxf3 35. Rxf3 Qg6 36. Re3 Bxd5 37. cxd5 Nc5 38. Rxe8+ Qxe8 39. Qg4 h5 40.
Qc4 Qg6 41. Bf2 Ne4 42. Be1 Nf6 43. Qxc7 Ng4+ 44. Kg1 Ne5+ 45. Kf1 Qf5+ 46. Bf2
Qh3+ 47. Ke1 Qh1+ 48. Ke2 Qe4+ 49. Kf1 Qh1+ 50. Ke2 Qf3+ 51. Ke1 Qe4+ 52. Kf1
Qh1+ 1/2-1/2

[Event "Campeonato Nacional da 1ª divisão"]
[Site "Torres Vedras"]
[Date "2011.07.25"]
[Round "3.7"]
[White "Gonzalez Perez, Arian"]
[Black "Fernandes, António Manuel de Al"]
[Result "1-0"]
[WhiteElo "2490"]
[BlackElo "2417"]
[PlyCount "101"]
[EventDate "2011.07.23"]

1. d4 Nf6 2. c4 c6 3. Nc3 d5 4. cxd5 cxd5 5. Bf4 Nc6 6. e3 e6 7. Nf3 Bd6 8. Bg3
O-O 9. Bd3 a6 10. Rc1 Qe7 11. O-O Bd7 12. a3 Rac8 13. Ne5 Rc7 14. f4 Rfc8 15.
Bh4 b5 16. Ng4 b4 17. Nxf6+ gxf6 18. Qh5 Kf8 19. Qh6+ Ke8 20. Bxf6 Qf8 21. Bg7
bxc3 22. Bxf8 Bxf8 23. Qxh7 cxb2 24. Rb1 Bxa3 25. Bxa6 Rb8 26. Qd3 Bd6 27. Bb5
Ke7 28. Rxb2 Na7 29. Bxd7 Rxb2 30. Ba4 Rc4 31. Bb3 Rb4 32. Bd1 Nc6 33. f5 Rc4
34. fxe6 fxe6 35. Qh7+ Kd8 36. Qf7 Ne7 37. Qxe6 Rc6 38. Qg4 Rc1 39. Ba4 Rxf1+
40. Kxf1 Rb7 41. h4 Ra7 42. Qe6 Nc8 43. Qe8+ Kc7 44. h5 Bg3 45. h6 Nd6 46. Qd7+
Kb6 47. Qc6+ Ka5 48. Qxd5+ Kb6 49. Qc5+ Ka6 50. Bd7 Rb7 51. Bc8 1-0